[Event "Asia Nations online Cup"]
[Site "Chess.com INT"]
[Date "2020.10.18"]
[Round "8.7"]
[White "Ahmed, Ali Layth Ahmed"]
[Black "Panta, Sumit"]
[Result "1-0"]
[WhiteElo "2231"]
[BlackElo "2025"]
[PlyCount "73"]
[EventDate "2020.10.10"]
[EventType "team-swiss (rapid)"]
[EventRounds "9"]
[EventCountry "IND"]
[SourceTitle "CBM 198 Extra"]
[Source "ChessBase"]
[SourceDate "2020.11.30"]
[SourceVersion "1"]
[SourceVersionDate "2020.11.30"]
[SourceQuality "1"]
[WhiteTeam "Iraq"]
[BlackTeam "Nepal"]
[WhiteTeamCountry "IRQ"]
[BlackTeamCountry "NEP"]

1. d4 Nf6 2. c4 e6 3. Nf3 d5 4. Nc3 c6 5. e3 Nbd7 6. Bd3 Bd6 7. e4 dxe4 8. Nxe4 Nxe4 9. Bxe4 e5 10. 0-0 0-0 11. dxe5 Nxe5 12. Nxe5 Bxe5 13. Bxh7+ Kxh7 14. Qh5+ Kg8 15. Qxe5 Re8 16. Qg3 Qf6 17. Bd2 Bf5 18. Rad1 Re4 19. Bc3 Qh6 20. Rd6 Bg6 21. f4 Re6 22. Rxe6 fxe6 23. Rd1 Rf8 24. Be5 Qh5 25. Rd7 Rf7 26. Rd8+ Rf8 27. Rd2 Qf5 28. h3 b5 29. cxb5 cxb5 30. Qc3 Qe4 31. Rd7 Rf7 32. Qc8+ Kh7 33. Rd8 Bh5 34. Rh8+ Kg6 35. Qxe6+ Rf6 36. Qe8+ Rf7 37. Rxh5 1-0

[Event "Baku Summer IM"]
[Site "Baku"]
[Date "2019.07.09"]
[Round "9.1"]
[White "Ahmed, Ali Layth Ahmed"]
[Black "Afshari, Mohammadreza"]
[Result "1-0"]
[WhiteElo "2266"]
[BlackElo "2122"]
[PlyCount "71"]
[EventDate "2019.07.03"]
[EventType "team-schev"]
[EventRounds "9"]
[EventCountry "AZE"]
[SourceTitle "EXT 2020"]
[Source "ChessBase"]
[SourceDate "2019.10.17"]
[SourceVersion "1"]
[SourceVersionDate "2019.10.17"]
[SourceQuality "1"]
[WhiteTeam "Good friends"]
[BlackTeam "Soffia II"]
[WhiteTeamCountry "AZE"]
[BlackTeamCountry "AZE"]

1. d4 d5 2. c4 e6 3. Nc3 Be7 4. Nf3 Nf6 5. Bg5 h6 6. Bh4 0-0 7. Qc2 c5 8. cxd5 cxd4 9. Nxd4 Nxd5 10. Bxe7 Nxe7 11. Rd1 Qa5 12. g3 e5 13. Nb3 Qc7 14. Bg2 Bf5 15. Qc1 Nbc6 16. 0-0 Rac8 17. Qe3 Rfd8 18. Rc1 Qb8 19. Rfd1 b6 20. h3 Be6 21. Rxd8+ Rxd8 22. Nb5 a6 23. Bxc6 Nxc6 24. Rxc6 axb5 25. Kh2 Qa8 26. Qxb6 Rd1 27. Qa6 Qd8 28. Rc1 Rxc1 29. Nxc1 Qd2 30. Qa8+ Kh7 31. Qe4+ g6 32. Nd3 Bxa2 33. Qxe5 Bc4 34. Nf4 g5 35. Nh5 f6 36. Qe7+ 1-0

[Event "Baku Summer IM"]
[Site "Baku"]
[Date "2019.07.06"]
[Round "5.1"]
[White "Ahmed, Ali Layth Ahmed"]
[Black "Asgarov, Mushfig Nizami"]
[Result "1/2-1/2"]
[WhiteElo "2266"]
[BlackElo "2173"]
[PlyCount "91"]
[EventDate "2019.07.03"]
[EventType "team-schev"]
[EventRounds "9"]
[EventCountry "AZE"]
[SourceTitle "CBM 191 Extra"]
[Source "ChessBase"]
[SourceDate "2019.09.30"]
[SourceVersion "1"]
[SourceVersionDate "2019.09.30"]
[SourceQuality "1"]
[WhiteTeam "Good friends"]
[BlackTeam "Shatranj"]
[WhiteTeamCountry "AZE"]
[BlackTeamCountry "AZE"]

1. d4 Nf6 2. c4 g6 3. Nc3 Bg7 4. e4 d6 5. Be2 0-0 6. Bg5 Na6 7. Qd2 e5 8. d5 Qe8 9. Bd1 Nd7 10. Nge2 f5 11. f3 f4 12. Nc1 h6 13. Bh4 g5 14. Bf2 Nf6 15. Nd3 g4 16. c5 b6 17. b4 Qg6 18. cxd6 cxd6 19. b5 Nc5 20. Bxc5 bxc5 21. Nb2 gxf3 22. gxf3 Bh3 23. Nc4 Nd7 24. Qf2 Nb6 25. Rg1 Qf6 26. Nxb6 axb6 27. a4 Kf7 28. Be2 Qe7 29. Bf1 Bd7 30. Kd2 Bf6 31. Kc2 Bh4 32. Qd2 Rg8 33. Bc4 Bh3 34. Kb3 Rxg1 35. Rxg1 Qa7 36. Bf1 Bxf1 37. Rxf1 Rg8 38. Ra1 Qa5 39. Nb1 Be1 40. Qxa5 Bxa5 41. Na3 Ke7 42. Nc4 Kd7 43. Rb1 Kc7 44. Rb2 h5 45. h4 Rg3 46. Rf2 1/2-1/2

[Event "Arab CC-chT op"]
[Site "Hammamet"]
[Date "2019.02.27"]
[Round "3.3"]
[White "Ahmed, Ali Layth Ahmed"]
[Black "Fellah, Mohamed Amine"]
[Result "1-0"]
[WhiteElo "2302"]
[BlackElo "2080"]
[PlyCount "79"]
[EventDate "2019.02.26"]
[EventType "swiss"]
[EventRounds "7"]
[EventCountry "TUN"]
[SourceTitle "EXT 2024"]
[Source "ChessBase"]
[SourceDate "2023.10.10"]
[SourceVersion "1"]
[SourceVersionDate "2023.10.10"]
[SourceQuality "1"]
[WhiteTeam "Communication SC"]
[BlackTeam "Sporting Bel Abbes"]
[WhiteTeamCountry "IRQ"]
[BlackTeamCountry "ALG"]

1. d4 Nf6 2. c4 e6 3. Nf3 b6 4. a3 Bb7 5. Nc3 Ne4 6. Qc2 Nxc3 7. Qxc3 Qf6 8. Bg5 Qf5 9. Bh4 a5 10. Rd1 f6 11. Bg3 Na6 12. Nh4 Qh5 13. e3 Qf7 14. Be2 g5 15. Nf3 h5 16. h3 Be7 17. d5 e5 18. Nd2 d6 19. b4 Nb8 20. f4 gxf4 21. exf4 axb4 22. axb4 Qg6 23. Qf3 Ra4 24. b5 Nd7 25. f5 Qg7 26. h4 Nc5 27. Bf2 Bc8 28. 0-0 Kd8 29. Ra1 Rg8 30. Rxa4 Nxa4 31. Ra1 Nc5 32. Ra8 Bf8 33. Bxc5 dxc5 34. Ne4 Be7 35. g3 Rh8 36. Kh2 Qh6 37. d6 Bf8 38. dxc7+ Kd7 39. Nc3 Bd6 40. Qe4 1-0

[Event "IRQ-ch"]
[Site "Baghdad"]
[Date "2018.06.30"]
[Round "5"]
[White "Ahmed, Ali Layth Ahmed"]
[Black "Taleb, Salem Hatam"]
[Result "1-0"]
[WhiteElo "2310"]
[BlackElo "2071"]
[PlyCount "63"]
[EventDate "2018.06.27"]
[EventType "swiss"]
[EventRounds "11"]
[EventCountry "IRQ"]
[SourceTitle "EXT 2019"]
[Source "ChessBase"]
[SourceDate "2018.10.10"]
[SourceVersion "1"]
[SourceVersionDate "2018.10.10"]
[SourceQuality "1"]

1. d4 Nf6 2. c4 e6 3. Nf3 Bb4+ 4. Bd2 Qe7 5. g3 Nc6 6. Nc3 Bxc3 7. Bxc3 Ne4 8. Rc1 Nxc3 9. Rxc3 0-0 10. Bg2 d6 11. 0-0 e5 12. d5 Nb8 13. b4 Na6 14. Qb3 Bd7 15. Nd2 Kh8 16. Qa3 f5 17. c5 Bb5 18. Qa5 Qe8 19. c6 bxc6 20. a4 Bxe2 21. Re1 Rb8 22. Rxe2 Nxb4 23. dxc6 d5 24. Qxc7 e4 25. Nb3 d4 26. Nxd4 Nd5 27. Qa5 Rb1+ 28. Bf1 Nxc3 29. Qxc3 Qh5 30. Ne6 Rg8 31. c7 Qf3 32. Re3 1-0

[Event "IRQ-ch"]
[Site "Baghdad"]
[Date "2018.06.29"]
[Round "4"]
[White "Abdulwahhab, Ahmed Abdulsattar"]
[Black "Ahmed, Ali Layth Ahmed"]
[Result "1/2-1/2"]
[WhiteElo "2290"]
[BlackElo "2310"]
[PlyCount "62"]
[EventDate "2018.06.27"]
[EventType "swiss"]
[EventRounds "11"]
[EventCountry "IRQ"]
[SourceTitle "EXT 2019"]
[Source "ChessBase"]
[SourceDate "2018.10.10"]
[SourceVersion "1"]
[SourceVersionDate "2018.10.10"]
[SourceQuality "1"]

1. e4 c6 2. d4 d5 3. Nd2 dxe4 4. Nxe4 Nf6 5. Nxf6+ exf6 6. c3 Bd6 7. Bd3 0-0 8. Ne2 Re8 9. Qc2 h5 10. Be3 Nd7 11. 0-0-0 Nb6 12. c4 Nd7 13. Kb1 Nf8 14. Ng3 Bg4 15. Be2 Bxe2 16. Qxe2 g6 17. Qf3 f5 18. d5 c5 19. Rhe1 Qh4 20. b3 f4 21. Ne4 Rxe4 22. Qxe4 f5 23. Qc2 fxe3 24. Rxe3 Qf6 25. h3 Bf4 26. Re2 Bh6 27. Qb2 Qg5 28. f4 Qd8 29. Qe5 Qa5 30. Rd3 Bg7 31. Qe7 Qb6 1/2-1/2